| 000 | 00367nam a2200145Ia 4500 | ||
|---|---|---|---|
| 008 | 150201s2007 xx 000 0 und d | ||
| 082 |
_a610.7 _bT07M |
||
| 100 | _aMELEIS, AFOF IBRAHIM | ||
| 245 | _aTHEORETICAL NURSING : DEVELOPMENT & PROGRESS | ||
| 250 | _a4TH | ||
| 260 |
_bLIPPINCOTT _aPHILADELPHIA _c2007 |
||
| 300 | _a807 | ||
| 650 | _aNURSING | ||
| 942 |
_2ddc _cBK |
||
| 999 |
_c2317 _d2317 |
||